[Event "EU-Cup 32nd"]
[Site "Novi Sad"]
[Date "2016.11.11"]
[Round "6.2"]
[White "Dubov, Daniil"]
[Black "Oparin, Grigoriy"]
[Result "1-0"]
[WhiteElo "2648"]
[BlackElo "2621"]
[Annotator "Roiz,M"]
[PlyCount "81"]
[EventDate "2016.11.06"]
[EventType "team-swiss"]
[EventRounds "7"]
[EventCountry "SRB"]
[SourceTitle "CBM 176"]
[Source "ChessBase"]
[SourceDate "2017.01.17"]
[SourceVersion "1"]
[SourceVersionDate "2017.01.17"]
[SourceQuality "1"]
[WhiteTeam "Moscow SHSM Legacy"]
[BlackTeam "Zhiguli"]
[WhiteTeamCountry "RUS"]
[BlackTeamCountry "RUS"]

1. d4 Nf6 2. c4 e6 3. g3 d5 4. Bg2 Bb4+ 5. Bd2 Be7 6. Nf3 O-O 7. O-O c6 8. Bf4
dxc4 {The latest fashion. It doesn't enable Black to win a pawn, but
liquidating the powerful dakr-squared bishop is an indisputable achievement.}
9. Ne5 Nd5 10. Nxc4 Nxf4 11. gxf4 Nd7 12. Nbd2 $146 {Daniil comes up with an
original setup, but it hardly poses Black any problems.} ({The more natural
way of development is:} 12. Nc3 Nb6 13. Ne5 f6 (13... Nd5 14. e3 f6 15. Nd3 Bd7
16. Kh1 Rc8 17. Rg1 Bd6 18. Ne4 $14 {Feller,S (2657)-Meier,G (2669) Nancy 2011}
) 14. Nf3 Nd5 15. e3 Bd7 16. Rc1 Be8 $132 {Bruzon Batista,L (2691)-Karjakin,S 
(2757) Tsaghkadzor ARM 2015}) 12... Nf6 {Like in the above-mentioned note, the
knight is heading to d5 in order to neutralise the Catalan Bg2.} ({Another
solid conituation was} 12... Qc7 $5 13. e3 Rd8 14. Rc1 b6 15. Ne4 Bb7 16. Qh5
Rac8 $11) 13. e3 Bd7 14. Rc1 Nd5 15. Qb3 Qc7 {Putting the queen on the c-file
doesn't feel comfortable, but it isn't a bad move.} ({Another possibility was} 
15... Rb8 16. Ne5 Be8 17. Ne4 f6 18. Nd3 Bg6 $132) 16. Ne5 Rfd8 17. Ne4 Be8 $11
{As usual, Black's position looks somewhat passive, but there are no
weaknesses. As well, the bishop pair might tell in the long run.} 18. Bh3 {
This move is connected with an ambitious idea of developing an attack along
the g-file.} ({Possibly, a more precise move was} 18. Bf3 $5 {, intending to
meet} f6 19. Nd3 Bf7 {with} 20. Qc2 {, limiting Black's active possibiltiies.})
18... Bf8 19. Kh1 Qe7 {Finally the queen is leaving the c-file. Now the Pe6 is
protected, so Black can push f7-f6.} 20. Rg1 f6 {It's hard to put up with Ne5
for too long.} (20... g6 21. a3 Rac8 22. Rc2 Bg7 23. Rgc1 f6 24. Nd3 Bf7 $132)
21. Nf3 {Now White's setup feels shaky.} ({A safer try was} 21. Nd3 b6 22. Ng3
Kh8 $132) 21... Bf7 ({The more aggressive} 21... b6 $5 22. a3 Kh8 23. Rg3 Rab8
{would have put Daniil under definite pressure, since the c6-c5 advance would
expose the long diagonal.}) 22. Qc2 Kh8 23. Qe2 Rac8 {Now it's hard to make
significant progress for both sides.} 24. a3 a5 (24... b6 25. Rc2 Rc7 26. Rgc1
Rdc8 $11) 25. Ng3 Qe8 26. f5 $2 {White is pushing too hard! However, this
brave decision was fully justified in the game.} (26. Bg2 a4 27. Ne4 $11) 26...
exf5 27. Bxf5 Rc7 {It turns out, that opening-up the e-file favours Black, who
can exert strong pressure on White's monarch.} 28. Bb1 ({In the event of} 28.
Qd2 g6 29. Bh3 Bd6 30. Qxa5 Re7 $17 {the extra pawn wouldn't have much value -
White's position looks bad.}) 28... g6 29. Qd2 c5 $2 {The first step in the
wrong direction - this inaccurate move is inviting White to build up a strong
pawns centre.} ({GM Oparin shouldn't be worried about losing a pawn after} 
29... f5 $1 30. Qxa5 (30. e4 fxe4 31. Nxe4 Bg7 $17) 30... Bd6 31. Rce1 Re7 $17
{- White would be doomed to a passive defence in a difficult position.}) 30. e4
Ne7 {Now the play is very double-edged.} 31. Qf4 ({The greedy} 31. Qxa5 {
can be well met by} b6 $1 32. Qxb6 Rc6 33. Qa5 cxd4 34. Bd3 Bh6 $44) 31... Rc6
{This move isn't so bad, but provoking the advance of the d-pawn makes Black's
play tougher.} ({Oparin's setup would be harmonious, had he played} 31... Rcc8
$1 32. Qxf6+ (32. Nh5 Ng8 33. Nxf6 Nxf6 34. Qxf6+ Bg7 35. Qh4 cxd4 36. Bd3 Bg8
$132) (32. Rxc5 Rxc5 33. dxc5 Bg7 $44) 32... Bg7 33. Qh4 cxd4 34. Ng5 Bg8 35.
Bd3 h6 $132) 32. d5 Rb6 {This is an awkward place for the rook, but it still
has some prospects!} ({Hardly better was} 32... g5 33. Qd2 $1 ({In the event of
} 33. Qe3 Nxd5 $1 34. exd5 Bxd5 35. Be4 Re6 36. Rce1 Bxe4 37. Nxe4 Bg7 $132 {
The pin on the Ne4 wouldn't allow White to keep the extra piece for any length
of time.}) 33... b5 34. Qxa5 $1 (34. Rge1 a4 35. Qc3 b4 36. Qe3 Rcc8 $132)
34... Nxd5 35. exd5 Bxd5 36. Be4 Bxe4 37. Nxe4 Ra8 $1 38. Qe1 Re6 39. Qc3 b4
40. axb4 cxb4 41. Qd4 Rxe4 42. Qxf6+ Bg7 43. Qxg5 $14) 33. Rxc5 Nxd5 $2 {
Only this move is the real cause of GM Oparin's defeate.} ({Had he played} 
33... Rxb2 $1 34. Nh5 (34. Qxf6+ Bg7 35. Qg5 Rxf2 $132) 34... Ng8 35. Nxf6 Nxf6
36. Qxf6+ Bg7 37. Qh4 Qf8 38. Rc7 Bg8 39. Kg2 Rb3 40. Ng5 Qd6 $132 {the result
of the game would be unpredictable.}) 34. Rxd5 Bxd5 35. exd5 Rxd5 36. Ba2 $1 {
White just has more pieces, and they are all ready to join the attack!} Rd8 37.
Re1 Qc6 ({The most stubborn was} 37... Qd7 38. Re2 Qd6 39. Qh4 Qc6 40. Kg2 {
, but eventually White would avoid the pin on the Nf3 and develop a crushing
attack anyway.}) 38. Re6 {Now Black cannot avoid a major loss of material.}
Qxe6 39. Bxe6 Rxe6 40. Qc7 Rd1+ 41. Kg2 1-0

[Event "ISR-ch"]
[Site "Tiberias"]
[Date "2016.12.12"]
[Round "8"]
[White "Postny, Evgeny"]
[Black "Roiz, Michael"]
[Result "0-1"]
[WhiteElo "2620"]
[BlackElo "2608"]
[Annotator "Roiz,M"]
[PlyCount "114"]
[EventDate "2016.12.05"]
[EventType "swiss"]
[EventRounds "9"]
[EventCountry "ISR"]
[SourceTitle "CBM 176"]
[Source "ChessBase"]
[SourceDate "2017.01.17"]
[SourceVersion "1"]
[SourceVersionDate "2017.01.17"]
[SourceQuality "1"]

1. d4 Nf6 2. c4 e6 3. g3 {Evgeny is consistent in his opening repertoire, so
predicting the Catalan wasn't a tough task.} Bb4+ 4. Bd2 Be7 5. Bg2 d5 6. Nf3
c6 7. Qc2 O-O 8. O-O Nbd7 9. Rd1 b6 10. b3 {This is what my opponent played in
his latest games.} (10. Bf4 {is somewhat more popular.}) 10... a5 {A waiting
move. Black is assuming, that White is going to play Nb1-c3, so it would be
easier to attack the Pc4.} (10... Ba6 11. a4 {leads to a well-known
theoretical position, which I used to play with the white pieces.}) 11. Bc3 {
The d2-spot is vacant for the knight now, so the Pc4 is well-protected.} (11.
Bf4 {was earlier tried by GM Postny without success:} Ba6 12. Nc3 (12. Ne5 Rc8
13. e4 Nxe5 14. Bxe5 Nxe4 15. Bxe4 dxe4 16. Qxe4 f6 17. Bf4 e5 18. Be3 c5 19.
d5 Bd6 $132 {Dominguez Perez,L (2746)-Yu Yangyi (2715) Havana CUB 2015}) 12...
Rc8 13. e4 dxc4 14. Qe2 Bb4 15. Rac1 Ba3 16. Rb1 Bb4 17. Rbc1 b5 18. bxc4 bxc4
$15 {Postny,E (2651)-Eljanov,P (2717) Germany 2009}) 11... Bb7 (11... Ba6 $5 {
also leads to a complex struggle:} 12. Nbd2 b5 13. e4 bxc4 14. bxc4 dxc4 (14...
Nxe4 15. Nxe4 dxe4 16. Ne5 Nxe5 17. dxe5 Qc7 18. Qxe4 Rac8 19. h4 {Beliavsky,A
(2690)-Jussupow,A (2630) Frankfurt 1998}) 15. Ne5 Nxe5 16. dxe5 Nd7 17. Bf1 Qc7
$132 {Bottema,T (2219)-Sethuraman,S (2543) Wijk aan Zee 2011}) 12. Nbd2 Qc7 {
Obviously, the e2-e4 advance is coming, so it makes sense to remove the queen
from d8 and protect the Bb7 in advance.} 13. e4 {The most ambitious.} ({
The quiet} 13. Rac1 c5 14. cxd5 (14. dxc5 bxc5 15. cxd5 {(Bluebaum,M (2600)
-Babula,V (2552) Zillertal AUT 2015)} {can be met by} Nxd5 $5 16. Bb2 a4 {
, and Black should be able to equalise.}) 14... Nxd5 15. Bb2 a4 16. Qb1 axb3
17. axb3 Nb4 $11 {Sasikiran,K (2639)-Kuzubov,Y (2635) Benasque ESP 2016, was
fine for Black.}) 13... dxe4 {My preparation was based on this natural
continuation.} ({A few months before, Evgeny didn't manage to pose Black any
problems after} 13... c5 $5 14. exd5 exd5 15. Rac1 Rfe8 16. Bb2 Rac8 17. Re1
dxc4 18. Qxc4 Bd5 19. Qd3 Qb7 20. Nh4 Bf8 $11 {Postny,E (2619)-Meier,G (2654)
Baku AZE 2016.}) 14. Nxe4 c5 (14... Nxe4 15. Qxe4 c5 $6 {is a worse way of
releasing the tension:} 16. d5 Nf6 17. Qe5 $1 Bd6 18. Qg5 h6 19. Qe3 {with a
powerful initiative.}) 15. Nxf6+ Bxf6 {This move is inviting major
simplifications, but it looks like Black is allowing the thematic d4-d5
advance...} (15... Nxf6 16. dxc5 bxc5 17. Ng5 h6 18. Ne4 Nxe4 19. Bxe4 Bxe4 20.
Qxe4 Bf6 21. Bxf6 gxf6 22. Rd3 a4 23. Rad1 axb3 24. axb3 Rad8 $11 {1/2 (41)
Bruzon Batista,L (2669)-Ni Hua (2703) Danzhou CHN 2015}) 16. d5 $6 $146 {
Evgeny employed this novelty without hesistation, but...} ({The previously
played} 16. Rd2 a4 17. Rad1 axb3 18. axb3 Rfd8 19. dxc5 bxc5 20. Bxf6 Nxf6 $11
{Bai,J (2519)-Barbot,P (2455) Khanty-Mansiysk RUS 2015, was comfortable for
Black.}) 16... exd5 17. cxd5 Rad8 $1 {It turns out, that White's pieces cannot
support the central passer, so it can easily fall.} 18. Nh4 {Accepting the
damage to the k-side pawn structure is the lesser evil.} ({The following
alternative are not too attractive either:} 18. d6 Qb8 19. Nh4 Bxh4 20. gxh4
Bxg2 21. Kxg2 Rfe8 $17) (18. Ne1 Bxc3 19. Qxc3 Nf6 20. Qc4 Qe5 21. Nd3 Qf5 22.
Nf4 Rd6 $15) 18... Bxh4 19. gxh4 Qf4 $1 {Luckily, this was still a part of my
home preparation, so I made this move quickly.} (19... Qd6 20. Re1 Rfe8 21. Qf5
{would offer White enough play for his weaknesses.}) 20. Rd3 $6 {An
over-optimistic move, that forces White to exchange his powerful dark-squared
bishop.} ({The modest} 20. Qe4 $1 Qxe4 21. Bxe4 Rfe8 22. Bg2 {would lead to a
slightly worse, but defendable endgame.}) 20... Ne5 21. Bxe5 ({Both} 21. Re3
Ng4 22. Rg3 Bxd5 23. Qe2 Nf6 $17) ({and} 21. Rg3 Bxd5 22. Re1 f6 $17 {would
lead to the loss of a pawn.}) 21... Qxe5 22. Rad1 {Now White's position is
rather unpleasant - there are several weaknesses in his camp.} Qd6 (22... Rd6
$1 {was stronger:} 23. Qc4 (23. Re3 Qh5 $1 {Somehow, I didn't even consider
this retreat} 24. Qe2 Qxh4 $17) 23... Qe2 24. R3d2 Qxc4 25. bxc4 Ba6 26. Bf1
Rg6+ 27. Kh1 Rg4 $17) 23. Re3 $6 {Another inaccuracy - Swapping the rooks
favours Black.} ({A better try was} 23. Qc3 $1 Rfe8 24. Rg3 g6 (24... Qe5 {
is less precise:} 25. Qxe5 Rxe5 26. Re3 $1 Rxe3 27. fxe3 f6 28. e4 Kf7 29. Kf2
Bc8 30. Bf3 $11) 25. h5 Qe5 $15) 23... Rfe8 24. Qe2 Rxe3 25. Qxe3 h6 {There is
no reason for hurrrying - White can only sit and wait.} 26. Qg3 {This is the
only constructive idea - since the Qg3 is very annoying, Black would be forced
to exchange the queens in a unfovaurable situation, improving White's pawn
chain.} Bc8 27. Re1 Qxg3 $1 {A correct decision - repairing the structure
wouldn't solve all White's problems.} (27... Kf8 28. Qd3 Qg6 29. Qxg6 fxg6 30.
Be4 Kf7 31. f4 $15) 28. hxg3 (28. fxg3 {was hardly any better:} Kf8 29. Kf2 Re8
{, and now} 30. d6 Rxe1 31. Kxe1 Bd7 32. Bd5 g6 $1 33. Kd2 f5 34. Kd3 Kg7 $19 {
also would drop the Pd6.}) 28... Kf8 29. f4 Re8 30. Rxe8+ $2 {The resulting
bishop endgame is lost, so this is a decisive mistake.} ({Making a move like} 
30. Rd1 $1 {is a difficult task, but it would offer White definite drawing
chances:} Bg4 (30... Re2 31. Bf1 Rxa2 32. Bb5 Bg4 33. Re1 g6 34. Re8+ Kg7 35.
Rb8 $15) 31. Rd2 Re1+ 32. Kf2 Rc1 33. d6 Ke8 34. Bd5 $15) 30... Kxe8 31. d6 (
31. Kf2 Ke7 32. Ke3 Kd6 $19 {, and the Pd5 is gone.}) 31... Bf5 {This move
doesn't spoil the win,} ({but there was the much simpler} 31... Kd7 $1 32. Bh3+
Kd8 33. Bf1 Bf5 34. Bb5 Bb1 35. a3 Bf5 36. Kf2 Bd7 37. Bc4 Be6 $19) 32. Bc6+
Kd8 33. Kf2 Bd7 $1 ({Correctly rejecting} 33... Bb1 $6 34. a3 Bf5 35. Ke3 Be6
36. b4 cxb4 37. axb4 axb4 38. Kd4 {, and White holds on.}) 34. Be4 Bb5 35. Bd5
(35. Bf5 c4 36. bxc4 Bxc4 37. a3 Be6 $19) 35... Be8 $1 {The only, but
sufficient manoeuvre.} 36. Bc4 b5 $1 37. Bf1 ({The most stubborn was} 37. d7 {
, but even then after} Bxd7 38. Bxf7 Ke7 39. Bg6 b4 40. Ke3 a4 41. Be4 (41.
bxa4 Bxa4 42. Kd3 Bb5+ 43. Kc2 Be2 44. Kb3 Ke6 45. Be4 Bd1+ 46. Kc4 Kd6 47. Bd3
Bg4 $19) 41... a3 $1 42. Kd3 Be6 43. Kc2 Kd6 $19 {Black would be able to
convert a big positional advantage into the full point.}) 37... Bc6 38. Bh3 Be4
39. Ke3 Bb1 40. a3 b4 ({Another possibility was} 40... Ba2 41. b4 cxb4 42. axb4
axb4 43. Kd4 Be6 44. Bf1 b3 $19) 41. axb4 axb4 42. Bf1 ({Or} 42. Kd2 Be4 43.
Bg4 Bd5 44. Kc2 Be6 $19) 42... Kd7 {Finally the Pd6 is gone.} 43. Bc4 f6 44.
Kd2 Kxd6 45. Kc1 Bf5 46. Kb2 {The position is winning, but I still had to find
a way of activating my king.} Be4 47. Ka2 g5 $1 {Making the g7-spot vacant for
the king.} 48. Kb2 gxh4 49. gxh4 Bf5 50. Ka2 Ke7 51. Kb2 Kf8 52. Be2 Kf7 {
The remaining few moves were just an agony.} 53. h5 Be6 54. Kc2 Ke7 55. Kb2 Kd6
56. Ka2 Bf5 57. Bc4 Bg4 0-1

[Event "EU-ch 13th"]
[Site "Plovdiv"]
[Date "2012.03.24"]
[Round "5"]
[White "Jankovic, Alojzije"]
[Black "Roiz, Michael"]
[Result "1-0"]
[WhiteElo "2553"]
[BlackElo "2652"]
[Annotator "Roiz,M"]
[PlyCount "63"]
[EventDate "2012.03.20"]
[EventType "swiss"]
[EventRounds "11"]
[EventCountry "BUL"]
[SourceTitle "CBM 148"]
[Source "ChessBase"]
[SourceDate "2012.05.16"]
[SourceVersion "1"]
[SourceVersionDate "2012.05.16"]
[SourceQuality "1"]

1. d4 e6 2. c4 Bb4+ 3. Nd2 Nf6 4. Ngf3 O-O 5. a3 Be7 6. e4 d5 7. e5 Nfd7 8. Bd3
({The main line here is} 8. b4 a5 9. b5 c5) 8... c5 9. h4 $5 {This move should
gain some popularity soon. White creates the obvious threat of 10.Bxh7+ and
forces some weakening moves.} g6 10. h5 cxd4 11. hxg6 $146 ({Black was doing
quite well in the following recent game:} 11. Qc2 Nc5 12. Be2 Nc6 13. b4 d3 14.
Bxd3 Nxd3+ 15. Qxd3 dxc4 16. Qxc4 Qd5 17. hxg6 fxg6 $132 {1/2 Ding Liren (2654)
-So,W (2658)/Khanty-Mansiysk RUS 2011 (40)}) 11... fxg6 12. Qc2 Qe8 {This
position looks very promising for White, but actually White can hardly develop
a serious attack and should take care of his own monarch.} 13. O-O Nc5 $6 {
After a long meditation, I decided to give up my extra pawn immediately, but
now White gets very easy play for free.} (13... Nc6 14. Re1 a5 (14... Nc5 15.
b4 Nxd3 16. Qxd3 dxc4 (16... Qd7 17. b5 Na5 18. cxd5 Qxd5 19. Re4 $36) 17. Nxc4
b5 18. Nd6 Qd7 19. Qxb5 Nxe5 20. Qxe5 Bxd6 21. Qxd4 Rxf3 22. Bb2 Rf5 23. Qh8+
Kf7 24. Rad1 $40) 15. cxd5 ({After} 15. b3 Nc5 16. Bb2 Qf7 {Black is just fine,
but for some reason I rejected 14...a5 in view of this line!}) 15... exd5 16.
Bb5 d3 (16... Nc5 17. Nb3 Rxf3 $1 18. Nxc5 (18. gxf3 $6 {leaves White with an
exposed king:} Ne6 19. Bd2 Qf7 20. Bxc6 bxc6 21. Qxc6 Rb8 $36) 18... Rf5 19.
Bd2 $44 (19. e6 Bd6)) 17. Qxd3 Nc5) 14. Nxd4 Nxd3 {I can hardly explain this
decision, but that was played rapidly. In fact, the pawn structure makes
Black's position critical now.} ({A natural developing move was called for:} 
14... Nc6 15. N2f3 ({Less clear is} 15. Nxc6 bxc6 16. Be2 a5 17. Nf3 a4 18. Be3
Nb3 19. Rad1 Ba6 {and although Black's king is quite weak, his queenside
counterplay makes some sense.}) 15... Nxd3 16. Qxd3 Nxd4 17. Qxd4 dxc4 18. Qxc4
Bd7 $14) 15. Qxd3 Nc6 (15... Qd7 {makes no sense:} 16. N2f3 b6 17. Bh6 $16) 16.
cxd5 $1 {I simply understimated this capture. For some reason I was counting
only on 16.N2f3.} exd5 $6 {Now White gets easy play.} ({Ok, after} 16... Nxe5
17. Qe2 Bf6 18. Ne4 Bg7 19. d6 Bd7 $14 {White is better due to his strong Pd6,
but at least Black has some active pieces.}) 17. N2f3 Bg4 $2 {The bishop is
doing nothing there. More than that, White gets an important tempo for
developing his initiative.} ({It was necessary to simplify the position:} 17...
Nxd4 18. Nxd4 Bc5 19. Re1 Be6 20. Bg5 Rc8 21. Bf6 Rf7 $14) 18. Bh6 Rf7 19. e6
$1 Rf6 20. Rae1 $16 {Now Black's position lacks any active ideas. It is always
difficult to play without counterplay.} Bxf3 (20... Rd8 21. Ng5 $18) 21. Nxf3
Rd8 $6 ({It's hard to believe that Black may survive with such a weak king
after} 21... g5 22. Bxg5 Rxf3 23. Qxf3 Bxg5 24. Qxd5 Qe7 25. Rd1 Bf6 26. Qc4
$16 {but it was my last practical chance.}) 22. Nd4 a6 {What else?} 23. Re2 Rd6
24. Rfe1 $18 {Black's position is completely hopeless, since most of his
pieces are paralysed.} Qd8 25. b4 Nxd4 (25... Qe8 26. Nxc6 bxc6 27. Qxa6 $18)
26. Qxd4 Rc6 27. Re5 Rd6 (27... Rc4 28. Qxd5 Qxd5 29. Rxd5 Rc2 30. f3 $18) 28.
R1e3 $6 {This unexpectedly gives me some hopes.} (28. g4 $1 {could end the
game on the spot.}) 28... Qc7 $1 {Objectively this shouldn't save the game,
but I could force him to play very accurately.} 29. Rxd5 Rxd5 30. Qxd5 Qc1+ 31.
Kh2 Rxf2 $2 (31... Qc7+ 32. Kh3 Qc1 $1 33. Kg3 $1 (33. Qe5 Qh1+ 34. Qh2 Qxh2+
35. Kxh2 Rf5 36. Kg3 Rh5 37. Bf4 Kg7 38. Kf3 Kf6 39. g4 Rd5 $16) (33. Bg5 Rxf2)
33... Qh1 34. Bg5 Rf5 35. Re5 Bxg5 36. e7+ Kg7 37. e8=N+ (37. Rxf5 Qh4+ 38. Kf3
gxf5 39. Qe5+ Kh6 40. Qe6+ Kg7 $11) 37... Kf8 38. Rxf5+ gxf5 39. Qxf5+ Kxe8 40.
Qxg5 $18 {This ending is lost for Black, but at least I could exploit some
practical chances.}) 32. Qe5 1-0